| 000 | 01492nam a22003137a 4500 | ||
|---|---|---|---|
| 001 | 1672 | ||
| 005 | 20230914104833.0 | ||
| 020 | _a9781848668614 | ||
| 040 |
_aDLC _cDLC _erda _beng |
||
| 050 | 0 | 0 |
_aPZ7.1.P77 _bWil 2017 |
| 082 | 0 | 0 |
_a[FIc] _223 |
| 100 | 1 |
_aPritchett, Georgia _eauthor. |
|
| 245 | 1 | 0 |
_aWilf the mighty worrier saves the world / _cGeorgia Pritchett |
| 260 |
_aLondon : _bQuercus Publishing, _c2015 |
||
| 300 |
_a183 pages : _billustrations ; _c21 cm |
||
| 490 | 0 |
_aWilf the mighty worrier _vBook 1 |
|
| 505 | _aM | ||
| 520 | _aThings Wilf was worried about before: 1) Stuffed animals. 2) Peanut Butter. 3) Creepy crawlies that have waggly feeler things instead of eyes. Things Wilf is worried about now: 4) The most evil man in the world. 5) The most evil man in the world living next door. 6) Anyone called Alan. When Alan, a self-styled Evil Lunatic, moves in next door with his grumpy robot sidekick and his silent right-hand-dog, Kevin Phillips, Wilf knows he will have to find a way to overcome his fears. And soon he realises: only he can stop Alan's ridiculous yet still Quite Evil plan to destroy the world... | ||
| 521 |
_a710
_bLexile |
||
| 521 |
_aM
_bRaz-Plus |
||
| 650 | 1 |
_aWorry _vFiction. |
|
| 650 | 1 |
_aCourage _vFiction. |
|
| 650 | 1 |
_aJungle animals _vFiction. |
|
| 650 | 1 |
_aJungles _vFiction. |
|
| 650 | 1 | _aHumorous stories. | |
| 700 | 1 |
_aLittler, Jamie _eillustrator. |
|
| 906 |
_a7 _bcbc _corigres _d2 _encip _f20 _gy-gencatlg |
||
| 942 |
_2ddc _cBK _n0 |
||
| 999 |
_c1672 _d1672 |
||